| 000 | 00347nam a2200145Ia 4500 | ||
|---|---|---|---|
| 005 | 20251222143134.0 | ||
| 008 | 251222s9999||||xx |||||||||||||| ||spa|| | ||
| 020 | _a8427606354 | ||
| 082 | _a940/M26 | ||
| 100 | _aMartín Ansón, María Luisa | ||
| 245 | 0 | _aEsmaltes en España: | |
| 250 | _a1ra.ed. | ||
| 264 | _bEditora Nacional | ||
| 942 | _cLIB | ||
| 999 |
_c12054 _d12054 |
||